[Event "WA Class Championship - C Section"]
[Site "Seattle"]
[Date "2007.11.23"]
[Round "2"]
[White "Holcomb, Eric"]
[Black "Griffin, David"]
[Result "1-0"]
[WhiteElo "1608"]
[BlackElo "1587"]
[Annotator "Harrison"]
[PlyCount "137"]
[EventDate "2007.11.??"]
[Source "Drayton Harriso"]
[SourceDate "2007.12.23"]

{This game features an instructive endgame which is the logical outcome of
white's good positional play.} 1. e4 e6 2. d4 d5 3. exd5 exd5 4. Bd3 Nf6 5. Nf3
Bg4 6. h3 Bxf3 7. Qxf3 Be7 8. O-O O-O 9. Bf4 Nbd7 10. Nd2 Rc8 11. c3 c5 12.
Rfe1 Re8 $2 (12... cxd4) 13. dxc5 $1 {White gives black an isolated pawn, and
the resulting weakness in black's pawn structure will cost him in the endgame.}
Bxc5 14. Nb3 {As Nimzowitsch said, the enemy's center pawn is like a criminal
which must be kept under lock and key. First the pawn is restrained...} Bf8 15.
Re2 Rxe2 16. Qxe2 Qb6 17. Be3 Qe6 18. Nd4 {...then blockaded...} Qe8 19. Re1 a6
20. Nf3 Bd6 21. Bd4 {(a different blockader takes over)} Qxe2 $6 {
Black should not have traded so many pieces.} 22. Rxe2 Re8 23. Rxe8+ Nxe8 24.
Bf5 Nc5 25. Bc8 {The third phase of Nimzowitsch's procedure was destruction,
but here white leaves the d-pawn alone for now, to go after a second weakness.
Remember it  often takes two weaknesses to win an endgame.} Nc7 26. Bxc5 $1 {
The advantage of the bishop pair often lies in the fact that one of the
bishops can be exchanged at the right time.} Bxc5 27. Bxb7 {
White wins a pawn, and another weak pawn appears on the a-file.} f6 28. Kf1 Kf7
29. Ke2 a5 30. Bc6 Ke7 31. Nd2 Kd6 32. Ba4 Ne6 33. Bc2 h6 34. a3 Bb6 35. b4 (
35. g3 {would have kept the tension going until the time control.}) 35... axb4
36. axb4 ({Not} 36. cxb4 $2 Nd4+ 37. Kd1 Nxc2 38. Kxc2 Bxf2) 36... Nf4+ 37. Kf3
Ne6 38. Bd3 Ke7 39. Nb3 Ng5+ 40. Ke2 Ne6 41. g3 Ng5 42. h4 {
White is making more progress now.} Nh3 $6 (42... Ne6 43. h5 $1 Ng5 44. f4 $18)
43. Nd4 Kf7 (43... g5 44. Bf5 Ng1+ 45. Ke3 $1 $18 {is similar to the game}) 44.
Bf5 Ng1+ 45. Ke3 $1 (45. Kf1 $6 Bxd4 46. cxd4 Nf3 47. b5 Nxd4 48. b6 Ke7 49. b7
Nc6 50. Bc2 Kd6 51. Ba4 Nb8 52. Ke2 Kc7 53. Kd3 Kxb7 54. Kd4 Kc7 55. Kxd5 Nd7
56. Ke6 Ne5 57. f4 $18 {would also have won, but this method would require
exact calculation. In the game the black knight is tied up in the white
knight's home stable.}) 45... Ke7 46. f4 $1 g5 47. hxg5 hxg5 48. Kf2 $1 gxf4
49. gxf4 Bc7 50. Kxg1 Bxf4 51. Ne2 Be3+ 52. Kg2 Kd6 53. Kf3 Bb6 54. Bc2 Ke5 55.
Bb3 Ba7 56. Ba4 d4 57. Nxd4 Bxd4 58. cxd4+ Kxd4 59. Bd7 Kd5 60. b5 Kc5 61. Bc6
Kb6 62. Kf4 Kc7 63. Kf5 Kc8 64. Kxf6 Kd8 65. Ke6 Kc7 66. Kd5 Kb8 67. Kd6 Kc8
68. b6 Kb8 69. b7 1-0

[Event "WA Class Championship - C Section"]
[Site "Seattle"]
[Date "2007.11.24"]
[Round "2"]
[White "Rutgers, Bert"]
[Black "Dillingham, Gregg"]
[Result "0-1"]
[WhiteElo "1473"]
[BlackElo "1551"]
[Annotator "Harrison"]
[PlyCount "88"]
[EventDate "2007.11.??"]
[Source "Drayton Harriso"]
[SourceDate "2007.12.23"]

1. d4 Nf6 2. c4 g6 3. Nc3 Bg7 4. Bf4 d6 5. Nf3 O-O 6. e3 h6 7. e4 $6 Nbd7 8.
Bd3 Nh5 9. Be3 e5 10. dxe5 Nxe5 11. Nxe5 dxe5 12. O-O Nf4 13. Bc2 Be6 14. b3 c6
15. Qf3 Qh4 16. Kh1 ({Why not} 16. g3 $2 {For example, 16...} Bg4 17. Qh1 Qh5
18. gxf4 $4 Bf3 19. Bd1 Qg4+) 16... Bg4 17. Qg3 Qxg3 18. hxg3 Ne6 19. f3 Nd4
20. Bd1 Be6 21. Rf2 b6 22. Rc1 Rad8 23. f4 f5 24. Bf3 fxe4 25. Bxe4 Nf5 26.
Bxf5 Bxf5 27. fxe5 Rd3 28. Bf4 g5 29. Bd2 Bxe5 30. Kh2 Bxg3+ 31. Kg1 Bxf2+ 32.
Kxf2 Rxd2+ 33. Kg3 h5 34. Nd1 h4+ 35. Kh2 g4 36. Ne3 g3+ 37. Kg1 Be4 38. c5 b5
39. a4 a6 40. axb5 axb5 41. Ra1 Re2 42. Ng4 Rxg2+ 43. Kh1 Ra2+ 44. Kg1 Rxa1#
0-1

[Event "WA Class Championship - C Section"]
[Site "Seattle"]
[Date "2007.11.23"]
[Round "2"]
[White "Wentz, Dale"]
[Black "Davis, Ben"]
[Result "1-0"]
[WhiteElo "1500"]
[BlackElo "1291"]
[PlyCount "120"]
[EventDate "2007.11.??"]
[Source "Drayton Harriso"]
[SourceDate "2007.12.23"]

1. e4 e5 2. Bc4 Nf6 3. d3 Bc5 4. Nc3 Nc6 5. Be3 Bb6 6. Nf3 d6 7. Qd2 Be6 8.
Bxe6 fxe6 9. O-O O-O 10. Rad1 Qe8 11. d4 exd4 12. Nxd4 Nxd4 13. Bxd4 e5 14.
Bxb6 axb6 15. f3 Qg6 16. a3 Nh5 17. Ne2 Nf4 18. Nxf4 Rxf4 19. Qd5+ Qf7 20. Qxb7
Rf8 21. Qd5 Qxd5 22. Rxd5 g5 23. h3 h5 24. Rd3 g4 25. hxg4 hxg4 26. Kf2 R8f7
27. Ke2 g3 28. Rh1 Kg7 29. Rh3 Kf6 30. Rxg3 Rh7 31. Rd1 Rh2 32. Kf2 Rfh4 33.
Rf1 Kf7 34. Ke3 Rh1 35. Rxh1 Rxh1 36. Kd3 Rb1 37. Kc3 Rg1 38. b3 Ra1 39. Kb2
Rg1 40. Rg4 Ke8 41. g3 Rf1 42. f4 exf4 43. Rxf4 Rg1 44. g4 Ke7 45. b4 Ke6 46.
c4 Ke5 47. Rf7 Kxe4 48. Rxc7 Rxg4 49. Kb3 d5 50. cxd5 Kxd5 51. Ka4 Kd6 52. Rc3
Rg5 53. b5 Rc5 54. Kb4 Rc7 55. Rxc7 Kxc7 56. a4 Kb8 57. Kc4 Kc7 58. Kd5 Kd7 59.
Ke5 Kc7 60. Ke6 Kb8 {remaining moves unavailable} 1-0

[Event "WA Class Championship - C Section"]
[Site "Seattle"]
[Date "2007.11.24"]
[Round "3"]
[White "Buck, Stephen"]
[Black "Omori, Michael"]
[Result "1/2-1/2"]
[WhiteElo "1817"]
[BlackElo "1745"]
[Annotator "Harrison"]
[PlyCount "71"]
[EventDate "2007.11.??"]
[Source "Drayton Harriso"]
[SourceDate "2007.12.23"]

1. c4 Nf6 2. g3 g6 3. Bg2 Bg7 4. Nc3 O-O 5. Nf3 d6 6. O-O e5 7. d3 Nc6 8. Rb1
a5 9. a3 h6 10. h3 Be6 11. e4 Qd7 12. Kh2 Kh7 13. Be3 Ne7 14. b4 axb4 15. axb4
g5 16. Nd5 Bxd5 17. cxd5 c6 18. dxc6 bxc6 19. Qb3 Rab8 20. Qc2 Ng6 21. d4 Rfc8
22. dxe5 Nxe5 23. Nxe5 dxe5 24. Rfd1 (24. f4 gxf4 $8 25. gxf4 Qc7 (25... Qe8) (
25... Qe6) (25... Qe7) 26. f5 $11 (26. Qe2 Rb7 27. fxe5 Qxe5+ 28. Bf4 Qe6 29.
Qa6 Rb5 $11) (26. fxe5 Nh5 $132)) 24... Qe6 25. Bc5 Bf8 26. Bxf8 Rxf8 27. Rdc1
Rb6 28. Qa4 Rfb8 29. f3 Qd6 30. Rc4 Ne8 31. Rbc1 Rxb4 32. Qxc6 Qxc6 33. Rxc6
Kg7 34. R6c5 R4b5 35. Rxb5 Rxb5 36. Rc2 1/2-1/2

[Event "WA Class Championship - C Section"]
[Site "Seattle"]
[Date "2007.11.24"]
[Round "3"]
[White "Sen, Samir"]
[Black "Holcomb, Eric"]
[Result "1-0"]
[WhiteElo "1405"]
[BlackElo "1608"]
[PlyCount "119"]
[EventDate "2007.11.??"]
[Source "Drayton Harriso"]
[SourceDate "2007.12.23"]

1. d4 Nf6 2. Nf3 d5 3. Bf4 e6 4. e3 Bd6 5. Ne5 Nbd7 6. Bd3 O-O 7. Nd2 Be7 8. h4
c5 9. c3 c4 10. Bc2 h6 11. Qe2 Nxe5 12. dxe5 Nh7 13. Qh5 f5 14. O-O-O Qe8 15.
Qf3 Bd7 16. Rdg1 Ba4 17. Bb1 Bc6 18. Qh3 h5 19. f3 g6 20. Rh2 Kh8 21. g4 Qf7
22. gxf5 gxf5 23. Rhg2 Rg8 24. Bg5 Rg7 25. Bxe7 Rxg2 26. Qxg2 Qxe7 27. Qg6 Rf8
28. Qxh5 Be8 29. Qh6 Rg8 30. Rxg8+ Kxg8 31. e4 Bd7 32. exf5 exf5 33. Qg6+ Kh8
34. Bxf5 Bxf5 35. Qxf5 b5 36. a3 a5 37. h5 b4 38. axb4 axb4 39. Kc2 bxc3 40.
bxc3 Nf8 41. Nf1 Qh7 42. Qxh7+ Kxh7 43. Ne3 Kh6 44. Nxd5 Kxh5 45. Ne3 Kg5 46.
Nxc4 Kf4 47. Kd3 Kxf3 48. Kd4 Kf4 49. Kd5 Kf5 50. Nd6+ Kg6 51. c4 Nd7 52. c5
Nb8 53. Nb5 Kf7 54. Kd6 Ke8 55. e6 Na6 56. Nc7+ Nxc7 57. Kxc7 Ke7 58. Kb7 Kxe6
59. c6 Kd6 60. c7 1-0

[Event "WA Class Championship - C Section"]
[Site "Seattle"]
[Date "2007.11.24"]
[Round "3"]
[White "Tezcan, Yaman"]
[Black "Wilson, Matthew"]
[Result "1-0"]
[WhiteElo "1847"]
[BlackElo "1894"]
[PlyCount "113"]
[EventDate "2007.11.??"]
[Source "Drayton Harriso"]
[SourceDate "2007.12.23"]

1. d4 Nf6 2. c4 e6 3. Nf3 b6 4. g3 Bb7 5. Bg2 g6 6. O-O Bg7 7. Nc3 Ne4 8. Nxe4
Bxe4 9. Bg5 Qc8 10. Qd2 h6 11. Bf4 d6 12. Rac1 Nd7 13. Rfd1 Nf6 14. c5 Qd7 15.
cxd6 cxd6 16. Ne1 Bxg2 17. Nxg2 Nd5 18. e4 Nxf4 19. Nxf4 O-O 20. d5 e5 21. Nd3
Rac8 22. Nb4 f5 23. exf5 gxf5 24. Nc6 f4 25. gxf4 exf4 26. Kh1 Kh8 27. Rg1 Rce8
28. Nd4 Bxd4 29. Qxd4+ Kh7 30. Qd3+ Qf5 31. Rc7+ Kh8 32. Qc3+ Qe5 33. Rg6 Qxc3
34. Rxh6+ Kg8 35. bxc3 Re2 36. Kg2 Rxa2 37. Rxd6 a5 38. Rxb6 a4 39. d6 Rd8 40.
c4 a3 41. Ra6 Rd2 42. Rxa3 R2xd6 43. c5 Rd4 44. Rc3 Re8 45. c6 Kf8 46. Rd7 Rde4
47. c7 Rc8 48. Rd8+ Re8 49. Rxc8 Rxc8 50. Kf3 Kf7 51. Kxf4 Kf6 52. h4 Kf7 53.
Kf5 Ke7 54. h5 Kf7 55. h6 Ke7 56. h7 Kd7 57. Kg6 1-0

[Event "WA Class Championship - C Section"]
[Site "Seattle"]
[Date "2007.11.24"]
[Round "3"]
[White "Marcjan, Cezary"]
[Black "Branch, Andrew"]
[Result "1-0"]
[WhiteElo "1299"]
[BlackElo "1499"]
[PlyCount "83"]
[EventDate "2007.11.??"]
[Source "Drayton Harriso"]
[SourceDate "2007.12.23"]

1. e4 c6 2. d4 d5 3. Nc3 dxe4 4. Nxe4 Bf5 5. Ng3 Bg6 6. Nf3 Nd7 7. Nh4 Qc7 8.
Nxg6 hxg6 9. Bc4 e6 10. Ne4 O-O-O 11. Qf3 Ngf6 12. Bf4 Qa5+ 13. c3 Nxe4 14.
Qxe4 Nf6 15. Qe5 Qxe5+ 16. Bxe5 Ng4 17. Bf4 Be7 18. f3 g5 19. Bd2 Nxh2 20. Kf2
g4 21. Bf4 Bd6 22. Bxd6 Rxd6 23. Kg3 gxf3 24. Rxh2 Rxh2 25. Kxh2 fxg2 26. Kxg2
c5 27. Rd1 cxd4 28. cxd4 f6 29. Kf3 Kd8 30. Ke4 Ke7 31. Rh1 Rd7 32. Rh8 Kd6 33.
Bb5 Re7 34. Rd8+ Kc7 35. Rh8 Kd6 36. a4 b6 37. b3 g5 38. Kf3 f5 39. Rg8 Rc7 40.
Bc4 g4+ 41. Kf4 Rh7 42. Rg6 1-0

[Event "WA Class Championship - C Section"]
[Site "Seattle"]
[Date "2007.11.24"]
[Round "3"]
[White "Pyle, Galen"]
[Black "Breneman, Jesse"]
[Result "1-0"]
[WhiteElo "947"]
[BlackElo "1568"]
[Annotator "Harrison"]
[PlyCount "71"]
[EventDate "2007.11.??"]
[Source "Drayton Harriso"]
[SourceDate "2007.12.23"]

1. e4 e6 2. d4 d5 3. e5 c5 4. c3 Nc6 5. Nf3 Qb6 6. Be2 cxd4 7. cxd4 Nge7 8. Nc3
Nf5 9. Na4 Bb4+ 10. Bd2 Qa5 11. Bc3 Bd7 12. a3 Bxc3+ 13. Nxc3 Rc8 14. O-O a6
15. Re1 Qb6 16. Na4 Qa7 17. Nc5 Nfxd4 18. Nxd7 Nxf3+ 19. Bxf3 Kxd7 {Diagram #}
20. Bxd5 $1 exd5 21. Qxd5+ Ke8 22. e6 Rd8 23. exf7+ Kf8 24. Qe6 Qb8 25. Rad1 g6
26. Qf6 Rxd1 27. Qxh8+ Kxf7 28. Qxh7+ Kf6 29. Qh4+ Kg7 30. Rxd1 Qe8 31. h3 Ne5
32. Qd4 Kh7 33. Kh1 Qb5 34. b4 Qe2 35. Qd2 Qxd2 36. Rxd2 {
and white won on move 46.} 1-0

[Event "WA Class Championship - C Section"]
[Site "Seattle"]
[Date "2007.11.24"]
[Round "3"]
[White "Griffin, David"]
[Black "Guo, Anthony"]
[Result "1-0"]
[WhiteElo "1587"]
[BlackElo "1493"]
[Annotator "Harrison"]
[PlyCount "87"]
[EventDate "2007.11.??"]
[Source "Drayton Harriso"]
[SourceDate "2007.12.23"]

1. d4 e6 2. Nf3 f5 3. Bg5 Nf6 4. e3 Be7 5. Bd3 d6 6. c4 Nc6 7. a3 Bd7 8. Nc3
O-O 9. O-O h6 10. Bxf6 Bxf6 11. Rc1 e5 12. d5 Ne7 13. e4 f4 14. b4 g5 15. Qb3
g4 16. Nd2 Bg5 17. c5 f3 18. Rc2 Qe8 19. Rb1 Ng6 20. g3 h5 21. a4 h4 22. Nf1
hxg3 23. hxg3 Kg7 24. cxd6 cxd6 25. Bb5 $4 Bxb5 26. Nxb5 {Diagram #} Be7 $4 ({
Black has eliminated the light-squared bishop that could have defended the
g2-square. So all black needs to do is to get his queen to h3 and its mate on
g2, or mate on h1 with the assistance of a rook on h8.  Therefore:} 26... Ne7
$3 27. Nc7 (27. Nxd6 Qh5 28. Ne3) 27... Qh5 28. Ne6+ Kg6 29. Nxf8+ (29. Nxg5
Rh8 $19) 29... Rxf8 30. Ne3 Rh8 $19) 27. Nc7 Qd8 $6 ({Having missed the
combination on the last move, black does not get another opportunity. But it
would still be possible to set a trap with} 27... Qf7 {and if} 28. Nxa8 $2 ({
unfortunately for black,} 28. Ne6+ $1 {spoils all the fun:} Kf6 29. Ne3 {
and taking the g4-pawn}) 28... Rh8 29. Ne3 Nf4 30. Nf5+ Kf6 31. Nc7 Qh5 32. Nh4
Ng6 33. Kf1 Nxh4 34. Ke1 {
and the white king runs away with an unclear position.}) 28. Ne6+ Kf6 29. Nxd8
Raxd8 30. Nh2 Rh8 31. Nxg4+ Kg7 32. Qxf3 Rdf8 33. Qe2 Rh3 34. Kg2 Rh5 35. Rh1
Bh4 36. Rc7+ Kh8 37. Ne3 Rg5 38. Nf5 Nf4+ 39. Kf3 Nxe2 40. Rxh4+ Kg8 41. Kxe2
Rb8 42. Rhh7 b5 43. Nh6+ Kf8 44. Rh8+ 1-0

[Event "WA Class Championship - C Section"]
[Site "Seattle"]
[Date "2007.11.24"]
[Round "3"]
[White "Dillingham, Gregg"]
[Black "Wentz, Dale"]
[Result "1-0"]
[WhiteElo "1551"]
[BlackElo "1500"]
[PlyCount "55"]
[EventDate "2007.11.??"]
[Source "Drayton Harriso"]
[SourceDate "2007.12.23"]

1. e4 c5 2. Nf3 d6 3. g3 Nf6 4. d3 g6 5. Bg2 Bg7 6. O-O O-O 7. c3 Nbd7 8. Nbd2
Rb8 9. Re1 b5 10. Nf1 Bb7 11. a4 a6 12. e5 Ng4 13. axb5 axb5 14. exd6 exd6 15.
h3 Nge5 16. N1h2 Re8 17. Be3 Ra8 18. Nxe5 Rxa1 19. Qxa1 Bxg2 20. Nxf7 Kxf7 21.
Qa2+ Kf8 22. Kxg2 Ne5 23. Qd5 Nf7 24. Ra1 Qe7 25. Nf3 Bf6 26. d4 cxd4 27. Bxd4
Bxd4 28. Nxd4 1-0

[Event "WA Class Championship - C Section"]
[Site "Seattle"]
[Date "2007.11.24"]
[Round "3"]
[White "Teng, Yun"]
[Black "Rutgers, Bert"]
[Result "1-0"]
[WhiteElo "1428"]
[BlackElo "1473"]
[PlyCount "110"]
[EventDate "2007.11.??"]
[Source "Drayton Harriso"]
[SourceDate "2007.12.23"]

1. d4 d5 2. Bf4 Nf6 3. e3 Bf5 4. c3 e6 5. Nd2 Be7 6. Qb3 Qc8 7. Ngf3 O-O 8. h3
Nbd7 9. Be2 c5 10. c4 a6 11. O-O dxc4 12. Bxc4 b5 13. Be2 c4 14. Qd1 Nd5 15.
Bg3 Bg6 16. a3 a5 17. Ne5 Nxe5 18. Bxe5 Qd7 19. Rc1 Rac8 20. a4 Bb4 21. axb5
Bxd2 22. Qxd2 Qxb5 23. Ra1 a4 24. Ra3 Nb6 25. Rfa1 Qd5 26. Bf3 Be4 27. Bxe4
Qxe4 28. Bd6 Rfd8 29. Bb4 c3 30. Rxc3 Nd5 31. Rxc8 Rxc8 32. Bc3 Nxc3 33. bxc3
Ra8 34. Qd1 Qc6 35. Ra3 Kf8 36. Qb1 Qd6 37. Qa2 Qc6 38. Kf1 Ke7 39. Qb2 Ra7 40.
Qb4+ Kd7 41. c4 Kc7 42. Qe7+ Kb6 43. Qb4+ Kc7 44. Ra2 h6 45. Ke2 Rb7 46. Qe7+
Kc8 47. Qf8+ Kc7 48. Qxf7+ Kb6 49. Rb2+ Ka6 50. Qxb7+ Qxb7 51. Rxb7 Kxb7 52.
Kd3 a3 53. Kc3 a2 54. Kb2 a1=Q+ 55. Kxa1 Kb6 1-0

[Event "WA Class Championship - C Section"]
[Site "Seattle"]
[Date "2007.11.24"]
[Round "4"]
[White "Griffin, David"]
[Black "Stensland, Brad"]
[Result "0-1"]
[WhiteElo "1587"]
[BlackElo "1474"]
[Annotator "Harrison"]
[PlyCount "52"]
[EventDate "2007.11.??"]
[Source "Drayton Harriso"]
[SourceDate "2007.12.23"]

1. e4 e6 2. d4 d5 3. exd5 exd5 4. Bd3 Nf6 5. Bg5 Be7 6. Nc3 O-O 7. Qd2 Nbd7 8.
O-O-O c5 9. Nf3 c4 10. Bf5 g6 11. Rde1 Bb4 (11... gxf5 $5 12. Bh6 Ne4 $1 $17)
12. Bh6 Re8 13. Rxe8+ Nxe8 14. Bxd7 Bxd7 15. Ne5 Be6 16. Qe3 Qa5 17. Kb1 Bxc3
18. bxc3 Qa3 19. Ka1 $6 (19. Qf3 $15) 19... Rd8 20. Rb1 Rd6 (20... Nd6 $15) 21.
h4 $6 (21. Rxb7 Ra6 22. Rb2 $44) 21... Ra6 22. Rb2 b5 23. h5 $2 b4 24. hxg6 (
24. cxb4 c3) 24... hxg6 25. Nxg6 bxc3 (25... fxg6) 26. Ne7+ Kh7 0-1

[Event "WA Class Championship - C Section"]
[Site "Seattle"]
[Date "2007.11.24"]
[Round "4"]
[White "Holcomb, Eric"]
[Black "Sun, Tristan"]
[Result "1/2-1/2"]
[WhiteElo "1608"]
[BlackElo "1384"]
[PlyCount "56"]
[EventDate "2007.11.??"]
[Source "Drayton Harriso"]
[SourceDate "2007.12.23"]

1. e4 c5 2. Nf3 Nc6 3. d4 cxd4 4. Nxd4 g6 5. Nc3 Bg7 6. Be3 Nf6 7. Be2 O-O 8.
O-O d5 9. exd5 Nxd5 10. Nxd5 Qxd5 11. Nxc6 Qxc6 12. c3 Bf5 13. Bf3 Qc7 14. Qe2
Rad8 15. Rfd1 a6 16. Rxd8 Rxd8 17. Rd1 Rxd1+ 18. Qxd1 b5 19. a3 Qd6 20. Qxd6
exd6 21. Bb7 a5 22. Bb6 a4 23. Be3 Bd3 24. g3 Kf8 25. Kg2 Ke7 26. Kf3 Bc4 27.
Be4 Ke6 28. Bc2 Bd5+ 1/2-1/2

[Event "WA Class Championship - C Section"]
[Site "Seattle"]
[Date "2007.11.24"]
[Round "4"]
[White "Jusak, Jeremy"]
[Black "Dillingham, Gregg"]
[Result "1-0"]
[WhiteElo "1502"]
[BlackElo "1551"]
[PlyCount "98"]
[EventDate "2007.11.??"]
[Source "Drayton Harriso"]
[SourceDate "2007.12.23"]

1. e4 c5 2. Nf3 Nc6 3. d4 cxd4 4. Nxd4 Nf6 5. Nc3 e5 6. Ndb5 d6 7. Bg5 a6 8.
Na3 b5 9. Bxf6 gxf6 10. Nd5 f5 11. Bd3 fxe4 12. Bxe4 Bb7 13. c3 Rc8 14. Qg4 h5
15. Qh3 Bh6 16. Nc2 Na5 17. Nce3 Bxe3 18. fxe3 Rc4 19. Qf3 Rxe4 20. Qxe4 f5 21.
Qd3 Qh4+ 22. g3 Qg5 23. Rf1 O-O {Diagram #} 24. Rxf5 $1 Rxf5 25. Qxf5 Qh6 26.
Nf6+ Kg7 27. Nxh5+ Kg8 28. Nf6+ Kh8 29. Qh5 Qxh5 30. Nxh5 Nc4 31. O-O-O Bf3 32.
b3 Bxd1 33. Kxd1 Nxe3+ 34. Ke2 Nd5 35. Kd3 Kh7 36. c4 bxc4+ 37. Kxc4 Nb6+ 38.
Kd3 Kg6 39. g4 Kg5 40. h3 d5 41. Ng7 Kh4 42. Ne6 Kxh3 43. g5 Nd7 44. Nc7 Nc5+
45. Ke2 d4 46. g6 Ne4 47. g7 Nf6 48. Nxa6 Kg4 49. b4 Kf5 1-0

[Event "WA Class Championship - C Section"]
[Site "Seattle"]
[Date "2007.11.24"]
[Round "4"]
[White "Breneman, Jesse"]
[Black "Rutgers, Bert"]
[Result "0-1"]
[WhiteElo "1568"]
[BlackElo "1473"]
[Annotator "Harrison"]
[PlyCount "86"]
[EventDate "2007.11.??"]
[Source "Drayton Harriso"]
[SourceDate "2007.12.23"]

1. d4 d5 2. c4 dxc4 3. Nc3 Nf6 4. e4 e6 5. Bxc4 Bb4 6. Bd3 O-O 7. Nf3 Nc6 8. e5
Nd5 {Diagram #} 9. Qc2 $2 (9. Bxh7+ $1 Kxh7 (9... Kh8 10. Ng5 g6 11. Qg4 Kg7
12. Qh4 Rh8 13. Nxe6+ fxe6 14. Qh6+ Kf7 15. Qxg6+ Kf8 16. Bh6+ Ke7 17. Qg7+ Ke8
18. Bg6#) 10. Ng5+ Kg6 $1 (10... Kg8 11. Qh5 $18) 11. h4 $1 Nxc3 (11... f5 12.
h5+ Kh6 13. Nxe6+) 12. h5+ Kh6 13. bxc3 Bxc3+ 14. Kf1 $18) 9... h6 10. O-O Ba5
11. a3 Nde7 12. Ne4 Nxd4 13. Nxd4 Qxd4 14. Be3 Qxe5 15. f4 Qd5 16. Rad1 Qc6 17.
Qe2 Bb6 18. Bxb6 Qxb6+ 19. Kh1 Nd5 20. Rf3 f5 21. Nd2 Qxb2 22. Rb1 Qf6 23. Re1
b6 24. Nc4 Re8 25. Ne5 Ne7 26. Rg3 Rd8 27. Qh5 Kh7 28. Nf7 Rd4 29. Ng5+ Kg8 30.
Qe8+ Qf8 31. Qxf8+ Kxf8 32. Nxe6+ Bxe6 33. Rxe6 Kf7 34. Re5 Rxf4 35. Rge3 Ng6
36. Rd5 Re8 37. Rd7+ Re7 38. Rexe7+ Nxe7 39. Rxc7 Ra4 40. Bxf5 Rxa3 41. g3 Ra2
42. Be4 Kf6 43. Bg2 Ra1+ 0-1

[Event "WA Class Championship - C Section"]
[Site "Seattle"]
[Date "2007.11.24"]
[Round "4"]
[White "Roberts, James"]
[Black "Pyle, Galen"]
[Result "1-0"]
[WhiteElo "1545"]
[BlackElo "947"]
[PlyCount "37"]
[EventDate "2007.11.??"]
[Source "Drayton Harriso"]
[SourceDate "2007.12.23"]

1. d4 d5 2. c4 dxc4 3. e3 Nf6 4. Nc3 e6 5. Nf3 Be7 6. Bxc4 c5 7. O-O cxd4 8.
exd4 O-O 9. Bf4 Nbd7 10. Re1 Nb6 11. Bb3 Nbd5 ({or} 11... Nfd5 {
may have been played}) 12. Nxd5 Nxd5 13. Bg3 b6 14. Qe2 Bb7 15. Rac1 Bf6 16.
Be5 Rc8 17. Rxc8 Qxc8 18. Bxd5 Bxe5 19. Bxb7 1-0

[Event "WA Class Championship - C Section"]
[Site "Seattle"]
[Date "2007.11.24"]
[Round "4"]
[White "Branch, Andrew"]
[Black "Yatsenko, Andrey"]
[Result "1-0"]
[WhiteElo "1499"]
[BlackElo "1327"]
[Annotator "Harrison"]
[PlyCount "54"]
[EventDate "2007.11.??"]
[Source "Drayton Harriso"]
[SourceDate "2007.12.23"]

1. c4 e5 2. Nc3 Nf6 3. g3 d5 4. cxd5 Nxd5 5. Bg2 c6 6. Nf3 Bd6 7. O-O Be6 8. a3
O-O 9. Ne4 Bc7 10. b4 Nd7 11. Qc2 f5 12. Neg5 Qe7 {Diagram #} 13. Bh3 $5 Qd6 (
13... e4 14. Nd4 (14. Nxe6 Qxe6 15. Nd4 $13) 14... Qxg5 15. Nxe6 Qh5 16. Nxf8
Rxf8 17. Bg2 Qxe2 18. Bb2 $44) 14. Nxe6 Qxe6 15. e4 $1 Ne7 16. exf5 (16. d4 $5
$14) 16... Nxf5 17. Re1 Qf7 18. Ng5 Qf6 19. d4 h6 20. Qc4+ $2 ({Better is} 20.
Qa2+ $1 Kh8 21. Ne6 {and now after} Nxd4 {
the f2 square is protected and white can play} 22. Nxd4 exd4 23. Bxd7 $16)
20... Kh8 21. Ne6 Nxd4 22. Rf1 $2 (22. Nxf8 Rxf8 23. Rf1 Nb6 $13) 22... Nb6 23.
Qa2 Nxe6 24. Qxe6 Nd5 25. Bb2 Rae8 26. Qg4 Qf3 $17 ({or} 26... Bb6 $17 {
was also good for black}) 27. Rae1 Re7 {
remaining moves incomprehensible. White won on about move 45.} 1-0

[Event "WA Class Championship - C Section"]
[Site "Seattle"]
[Date "2007.11.25"]
[Round "5"]
[White "Etingher, Constantin"]
[Black "Breneman, Jesse"]
[Result "0-1"]
[WhiteElo "1506"]
[BlackElo "1568"]
[PlyCount "74"]
[EventDate "2007.11.??"]
[Source "Drayton Harriso"]
[SourceDate "2007.12.23"]

1. Nf3 g6 2. d4 Nf6 3. e3 Bg7 4. Bd3 O-O 5. Nbd2 d6 6. c3 Nbd7 7. O-O e5 8. e4
Ne8 9. Bc4 Kh8 10. Qb3 a5 11. a4 f5 12. exf5 gxf5 13. dxe5 Nc5 14. Qc2 dxe5 15.
Rd1 Qf6 16. Nb3 Nxb3 17. Bxb3 f4 18. Rd5 Bf5 19. Qd2 Be6 20. Rb5 Nd6 21. Bc2
Nxb5 22. Qd3 e4 23. Qxe4 Bf5 24. Qxf5 Qxf5 25. Bxf5 Rxf5 26. axb5 Rxb5 27. Ra4
Bxc3 28. bxc3 Rb1 29. Kf1 Rxc1+ 30. Ke2 Rxc3 31. Rxf4 Rc2+ 32. Kd3 Rxf2 33. g3
a4 34. Ke3 a3 35. Kxf2 a2 36. Ng5 a1=Q 37. Rf7 Qd4+ 0-1

[Event "WA Class Championship - C Section"]
[Site "Seattle"]
[Date "2007.11.25"]
[Round "5"]
[White "Rutgers, Bert"]
[Black "Wessbecher, Francis M"]
[Result "1/2-1/2"]
[WhiteElo "1473"]
[BlackElo "1546"]
[PlyCount "101"]
[EventDate "2007.11.??"]
[Source "Drayton Harriso"]
[SourceDate "2007.12.23"]

1. d4 Nf6 2. c4 Nc6 3. Nc3 e5 4. d5 Ne7 5. Bg5 Ng6 6. Nf3 h6 7. Bd2 a6 8. e3
Bc5 9. h4 h5 10. Bd3 d6 11. Qc2 (11. b4 $5 {if} Bxb4 $2 12. Qa4+) 11... Ne7 12.
O-O-O Bd7 13. Ng5 b5 14. Nge4 Nxe4 15. Nxe4 bxc4 16. Bxc4 Bf5 17. Bb3 O-O 18.
Qc4 Bxe4 19. Qxe4 Rb8 20. Qf3 Qd7 21. Qxh5 Rxb3 22. axb3 Rb8 23. Qe2 Nxd5 24.
Qxa6 Bb4 25. Qa4 Qc8 26. Bxb4 Nxb4 27. f3 d5 28. g4 c5 29. Qa1 c4 30. Kd2 cxb3
31. Rc1 Nc2 32. Qb1 Qc5 33. Rxc2 bxc2 34. Qxc2 Qa5+ 35. Ke2 Qb5+ 36. Kd2 Qxb2
37. Qxb2 Rxb2+ 38. Kc3 Rf2 39. Rh3 f6 40. Kb4 Re2 41. Kc5 Rxe3 42. Kxd5 Ra3 43.
g5 Kf7 44. Ke4 Ra4+ 45. Ke3 Ra3+ 46. Kf2 fxg5 47. hxg5 e4 48. Rg3 Rxf3+ 49.
Rxf3+ exf3 50. Kxf3 Ke6 51. Kf4 1/2-1/2